000 00651nam a22002297a 4500
003 UA-OsUOA
001 82369
007 ta
008 20120303b un ||||| |||| 00| 0 ukr d
100 _aВетров И.Е.
090 _a821.161.1
_bВ39
942 _cBK
040 _aUA-OsUOA
_brus
_cUA-OsUOA
_dUA-OsUOA
245 _aЮжная параллель
_bочерки: Для сред. и ст. школ. возраста
300 _a183 с.
955 _a3
041 _arus
080 _a821.161.1
260 _aК.
_bВеселка
_c1984
650 7 _a82 Література. Літературознавство
_2UDC
999 _c368677
_d368677